| Tag |
First Indicator |
Second Indicator |
Subfields |
| LEADER |
00000cam a22000004a 4500 |
| 001 |
in00002489286 |
| 005 |
20151110043003.0 |
| 008 |
080911s2009 inuaf 001 0 eng |
| 010 |
|
|
|a 2008040306
|
| 020 |
|
|
|a 9780470384404 (paper/website)
|
| 020 |
|
|
|a 0470384409 (paper/website)
|
| 035 |
|
|
|a (OCoLC)ocn253638163
|
| 040 |
|
|
|a DLC
|c DLC
|d UtOrBLW
|
| 049 |
|
|
|a TXAM
|
| 050 |
0 |
0 |
|a NA2728
|b .M396 2009
|
| 082 |
0 |
0 |
|a 720.28/40285536
|2 22
|
| 100 |
1 |
|
|a Weir, Thomas S.,
|d 1950-
|
| 245 |
1 |
0 |
|a Mastering Revit structure 2009 /
|c Thomas S. Weir [and others].
|
| 264 |
|
1 |
|a Indianapolis :
|b Wiley Publishing,
|c [2009]
|
| 264 |
|
4 |
|c ©2009
|
| 300 |
|
|
|a xxxiii, 779 pages, 16 unnumbered pages of plates :
|b illustrations (some color) ;
|c 24 cm.
|
| 336 |
|
|
|a text
|b txt
|2 rdacontent
|
| 337 |
|
|
|a unmediated
|b n
|2 rdamedia
|
| 338 |
|
|
|a volume
|b nc
|2 rdacarrier
|
| 490 |
1 |
|
|a Sybex serious skills
|
| 505 |
0 |
|
|a Inside Revit structure -- Setting the project environment -- Starting to model your project -- Structural columns -- Floor slabs and roof decks -- Walls -- Structural framing -- Foundations -- Model documentation -- Modeling rebar -- Schedules and quantities -- Sheets -- Worksharing -- Visualization -- Revit structure analysis -- Project phases and design options -- Standards: increasing Revit productivity -- Family creation: beyond the built-in libraries -- Advanced structural families.
|
| 500 |
|
|
|a Includes index.
|
| 650 |
|
0 |
|a Architectural drawing
|x Computer-aided design.
|
| 650 |
|
0 |
|a Architectural design
|x Data processing.
|
| 630 |
0 |
0 |
|a Autodesk Revit.
|
| 830 |
|
0 |
|a Serious skills.
|
| 945 |
|
|
|a PromptCat
|b 607945
|
| 946 |
|
|
|a stk
|
| 947 |
|
|
|a A14837433647
|
| 994 |
|
|
|a 92
|b TXA
|
| 948 |
|
|
|a cataloged
|b h
|d 2009/1/28
|h c
|e asalazar
|f 1:29:55 pm
|
| 944 |
|
|
|a stk
|h REPL<3847483>REP-SAME<>REF<SaTucker>
|m Replacement on order
|
| 999 |
|
|
|a MARS
|
| 999 |
f |
f |
|s 5754426e-0faa-3d1a-b619-a073b74972a8
|i ebd6db76-6b04-3ab1-8393-ca0c0b43870f
|t 0
|
| 952 |
f |
f |
|p storage
|a Texas A&M University
|b J.J. Pickle Campus
|c High Density Repository
|d Remote Storage
|t 0
|e NA2728 .M396 2009
|h Library of Congress classification
|i unmediated -- volume
|m A14837433647
|
| 952 |
f |
f |
|p normal
|a Texas A&M University
|b College Station
|c Sterling C. Evans Library
|d Evans: Library Stacks
|t 0
|e NA2728 .M396 2009
|h Library of Congress classification
|i unmediated -- volume
|m A14838913894
|
| 998 |
f |
f |
|a NA2728 .M396 2009
|t 0
|l Remote Storage
|
| 998 |
f |
f |
|a NA2728 .M396 2009
|t 0
|l Evans: Library Stacks
|